00560nam a22001457a 4500003000400000005001700004008004100021040001400062100003200076245013300108260001000241300003000251500010600281504002700387OSt20171010095529.0121005t xxu||||| |||| 00| 0 eng d aMMSUcULS aAcierto, Jaymer P., et al.  aConcrete mix design of Pamplona river aggregates as structural concrete using aci mix design method cJaymer P. Acierto, et al.  c2008  axi, [73] leaves c28 cm.  aThesis (BS Civil Engineering) -- Mariano Marcos State University-College of Engineering, Batac City  aBibliography: leaf 30